[Event "CHN-ch U16"]
[Site "Shenzhen"]
[Date "2023.08.01"]
[Round "9"]
[White "Chen, Yuan1111"]
[Black "Li, Shanglin"]
[Result "1/2-1/2"]
[WhiteElo "2166"]
[BlackElo "2142"]
[PlyCount "83"]
[EventDate "2023.07.28"]
[EventType "swiss"]
[EventRounds "11"]
[EventCountry "CHN"]
[SourceTitle "CBM 215 Extra"]
[Source "ChessBase"]
[SourceDate "2023.09.30"]
[SourceVersion "1"]
[SourceVersionDate "2023.09.30"]
[SourceQuality "1"]

1. e4 c5 2. Nf3 e6 3. c3 d5 4. exd5 Qxd5 5. d4 a6 6. Be2 cxd4 7. cxd4 Nc6 8. 0-0 Nf6 9. Nc3 Qd6 10. Bg5 Be7 11. a3 0-0 12. Qd2 Nd5 13. Nxd5 Qxd5 14. Bxe7 Nxe7 15. Rac1 Ng6 16. h4 Ne7 17. Bd3 Qd6 18. Qg5 h6 19. Qe5 Qxe5 20. dxe5 Rb8 21. Be4 Bd7 22. Rc7 Bc6 23. Bxc6 Nxc6 24. Rd1 Rfc8 25. Rdd7 Rxc7 26. Rxc7 Kf8 27. g3 Ne7 28. Nd2 Nd5 29. Rc4 f5 30. exf6 gxf6 31. Ne4 Ke7 32. Nc3 Nxc3 33. Rxc3 Kd6 34. Kg2 h5 35. Rd3+ Ke7 36. Rc3 Kd6 37. Kf3 Rg8 38. Rc4 f5 39. Rd4+ Ke7 40. Rc4 Kd6 41. Rd4+ Ke7 42. Rc4 1/2-1/2

[Event "CHN-ch U16"]
[Site "Shenzhen"]
[Date "2023.07.31"]
[Round "8"]
[White "Li, Shanglin"]
[Black "Chen, Zihang"]
[Result "1-0"]
[WhiteElo "2142"]
[BlackElo "1607"]
[PlyCount "123"]
[EventDate "2023.07.28"]
[EventType "swiss"]
[EventRounds "11"]
[EventCountry "CHN"]
[SourceTitle "CBM 215 Extra"]
[Source "ChessBase"]
[SourceDate "2023.09.30"]
[SourceVersion "1"]
[SourceVersionDate "2023.09.30"]
[SourceQuality "1"]

1. d4 Nf6 2. c4 c5 3. Nf3 cxd4 4. Nxd4 e5 5. Nb5 d6 6. N1c3 a6 7. Na3 Bf5 8. g3 Be7 9. Bg2 Nc6 10. 0-0 0-0 11. Bg5 Be6 12. Qd2 Kh8 13. Rfd1 Qa5 14. Bxf6 gxf6 15. Ne4 Rfd8 16. Qh6 f5 17. Nf6 Bxf6 18. Qxf6+ Kg8 19. e4 Nd4 20. exf5 Bxf5 21. Qg5+ Kh8 22. Rxd4 exd4 23. Be4 Re8 24. Bxf5 Re5 25. Qf6+ Kg8 26. g4 Qd2 27. Rf1 Rae8 28. Nb1 Qe2 29. h3 Qxc4 30. Qh6 Qc7 31. Qxh7+ Kf8 32. Nd2 Qc6 33. Qh6+ Ke7 34. Qf4 Rh8 35. Nf3 Rxh3 36. Kg2 Rh8 37. Qg5+ Kf8 38. Rc1 Rc5 39. Re1 Re5 40. Qf6 Rh3 41. Be4 Rxe4 42. Rxe4 Qxe4 43. Kxh3 d3 44. Qxd6+ Kg8 45. Kg3 Qe2 46. Qd8+ Kg7 47. Qg5+ Kf8 48. Qd2 Qf1 49. Kf4 Qb1 50. a3 Qc2 51. Ke3 Qc5+ 52. Kxd3 Qd5+ 53. Nd4 b5 54. b3 Qh1 55. Nf5 Qf3+ 56. Ne3 Qf6 57. Qb4+ Kg8 58. Nf5 Qe6 59. Qc3 Qd5+ 60. Ke3 Qe6+ 61. Kf4 f6 62. Qc7 1-0